LEADER 01011nam0-22003371i-450- 001 990003191660403321 035 $a000319166 035 $aFED01000319166 035 $a(Aleph)000319166FED01 035 $a000319166 100 $a20000920d1922----km-y0itay50------ba 101 0 $aita 102 $aIT 200 1 $a<>Short Account of England's Foreign Trade in the Nineteenth Century$eIts Economic and Social Results$eWith Ten Statistical Diagrams$fArthur L.Bowley. 205 $arevised edition. 210 $aLondon$cAllen & Unwin$d1922. 215 $aX, 165 p.$d18 cm 300 $a[First Edition, 1893] 676 $aE/4.1 676 $aF/1.402 676 $aN/1.61 676 $aO/3.30 702 1$aBowley,$bArthur L. 801 0$aIT$bUNINA$gRICA$2UNIMARC 901 $aBK 912 $a990003191660403321 952 $aF/1.402 BOW/N.A.$b8001$fSES 959 $aSES 996 $aShort Account of England's Foreign Trade in the Nineteenth Century$9453670 997 $aUNINA DB $aING01 LEADER 01055nam0-2200313---450- 001 990008225860403321 005 20051116142046.0 010 $a88-13-25353-2 035 $a000822586 035 $aFED01000822586 035 $a(Aleph)000822586FED01 035 $a000822586 100 $a20051116d2004----km-y0itay50------ba 101 0 $aita 102 $aIT 105 $ay-------001yy 200 1 $a<>principio di precauzione nel diritto internazionale e comunitario$edisciplina del commercio di organismi geneticamente modificati e profili di sicurezza alimentare$fLuca Marini 210 $aPadova$cCedam$d2004 215 $a427 p.$d24 cm 225 1 $aStudi e documenti sulle comunità europee$fcollana diretta da A.Tizzano$v10 676 $a341.76757$v20$zita 700 1$aMarini,$bLuca$0266024 801 0$aIT$bUNINA$gRICA$2UNIMARC 901 $aBK 912 $a990008225860403321 952 $aA-X-188$b13381$fDDRC 959 $aDDRC 996 $aPrincipio di precauzione nel diritto internazionale e comunitario$9738557 997 $aUNINA LEADER 01675cam0-22005531i-450 001 990003360910403321 005 20230117114211.0 010 $a88-8114-234-1 035 $a000336091 035 $aFED01000336091 035 $a(Aleph)000336091FED01 035 $a000336091 100 $a20030910d1995----km-y0itay50------ba 101 0 $aita 102 $aIT 105 $ay-------001yy 200 1 $a<>gestione dei processi di turnaround$eun caso esemplare$ela Pirelli s.p.a.$fLucio Sicca, Francesco Izzo 210 $aNapoli$cESI$d1995 215 $a219 p.$d23 cm 225 1 $aEconomia e gestione d' impresa$hSeconda serie$v1 610 0 $aAziende$arisanamento$acasi pratici$aPIRELLI$aorganizzazione$a1980-1990 676 $a658.4 676 $a338.76783094521$v20$zita 700 1$aSicca,$bLucio$016478 701 1$aIzzo,$bFrancesco$0108181 801 0$aIT$bUNINA$gRICA$2UNIMARC 901 $aBK 912 $a990003360910403321 952 $a21-AB-275$b9106$fDDCP 952 $aAZEGI31B$b9211B$fDECBC 952 $aAZEGI31A(DEP)$b9211A$fDECBC 952 $aAZEGI31C$b9595A$fDECBC 952 $aAZEGI31E$b9595C$fDECBC 952 $aAZEGI31D$b9595B$fDECBC 952 $aSE 110.04.34-$b57$fDECSE 952 $aM.74$b11388$fDECTS 952 $a1-6-286.A-TI$b5048/a DEA$fECA 952 $aSR-TI-17$b5048b DEA$fECA 952 $aSR-TI-17A$b5048c DEA$fECA 952 $aSR-TI-17B$b5048d DEA$fECA 952 $aSR-TI-17C$b5048e DEA$fECA 959 $aDDCP 959 $aDECBC 959 $aDECSE 959 $aDECTS 959 $aECA 996 $aGestione dei processi di turnaround$9666470 997 $aUNINA DB $aING01 LEADER 02513nas 2200721- 450 001 996205610603316 005 20231101154443.0 011 $a1574-695X 035 $a(OCoLC)38872226 035 $a(CKB)954925568781 035 $a(CONSER)--2002238928 035 $a(DE-599)ZDB2693712-8 035 $a(EXLCZ)99954925568781 100 $a19980331b19932012 s-- a 101 0 $aeng 135 $aurcn||||||||| 181 $ctxt$2rdacontent 182 $cc$2rdamedia 183 $acr$2rdacarrier 200 10$aFEMS immunology and medical microbiology 210 1$a[New York, NY] :$cElsevier Science on behalf of the Federation of European Microbiological Societies 215 $a1 online resource 300 $aRefereed/Peer-reviewed 311 $a0928-8244 517 3 $aFEMS immunology & medical microbiology 517 3 $aFederation of European Microbiological Societies immunology and medical microbiology 517 3 $aImmunology and medical microbiology 531 $aFEMS IMMUNOL MED MICROBIOL 531 $aFEMS IMMUNOL MED MIC 531 $aFEMS IM MED 531 $aFEMS IMMUNOLOGY & MEDICAL MICROBIOLOGY 531 $aFEMS IMMUNOL. MED. MICROBIOL 606 $aMedical microbiology$vPeriodicals 606 $aMicrobiology$vPeriodicals 606 $aImmunology$vPeriodicals 606 $aCommunicable diseases$xImmunological aspects$vPeriodicals 606 $aAllergy and Immunology 606 $aCommunicable Diseases$ximmunology 606 $aMicrobiology 606 $aCommunicable diseases$xImmunological aspects$2fast$3(OCoLC)fst00869900 606 $aImmunology$2fast$3(OCoLC)fst00968006 606 $aMedical microbiology$2fast$3(OCoLC)fst01014362 606 $aMicrobiology$2fast$3(OCoLC)fst01019576 608 $aPeriodical 608 $aPeriodicals.$2fast 608 $aPeriodicals.$2lcgft 615 0$aMedical microbiology 615 0$aMicrobiology 615 0$aImmunology 615 0$aCommunicable diseases$xImmunological aspects 615 2$aAllergy and Immunology 615 2$aCommunicable Diseases$ximmunology 615 2$aMicrobiology 615 7$aCommunicable diseases$xImmunological aspects. 615 7$aImmunology. 615 7$aMedical microbiology. 615 7$aMicrobiology. 676 $a576.05 712 02$aFederation of European Microbiological Societies, 906 $aJOURNAL 912 $a996205610603316 996 $aFEMS immunology and medical microbiology$92238764 997 $aUNISA